Top 10 des marques de vêtements préférés des jeunes - Statistiques

Statistiques générales
  • Ce quiz a été pris 625 fois
  • Le résultat moyen est 3 sur 10
Statistiques - réponses
TOP Marques % Correct
1 Nike
89%
5 Adidas
83%
2 Zara
58%
4 H&M
38%
9 Levi's
19%
8 Converse
12%
7 Vans
12%
3 Tommy Hilfiger
11%
10 Calvin Klein
8%
6 Hollister
3%
Aucun quiz correspondant
Distribution des résultats
% des personnes avec chaque résultat
Percentile par nombre de réponses
Votre historique - résultats
Vous n’avez pas pris ce quiz